000 00274nam a22001337a 4500
008 171024b xxu||||| |||| 00| 0 eng d
020 _a0201066548
041 _aeng
080 _a311
100 _a55
101 _aSTA
245 _aWINNING
_cRUNYON,R.P
942 _2udc
_cBK
999 _c35759
_d35759